Top 10 EU countries by % born in country - Statistics

General Stats
  • This quiz has been taken 168 times
  • The average score is 7 of 10
Answer Stats
% Answer % Correct
98.0% Poland
86%
96.8% Romania
86%
94.2% Hungary
80%
97.5% Bulgaria
77%
95.2% Czech Republic
77%
96.4% Slovakia
77%
93.2% Finland
70%
90.7% Portugal
70%
89.6% Italy
63%
95.1% Lithuania
62%
No matching quizzes found
Score Distribution
Percent of People with Each Score
Percentile by Number Answered
Your Score History
You have not taken this quiz